Personnages Winx Club - Statistiques

Statistiques générales
  • Ce quiz a été pris 376 fois
    301 depuis la dernière actualisation
  • Le résultat moyen est 51 sur 155
Statistiques - réponses
Hint Réponse % Correct
Winx Bloom
98%
Flora
98%
Musa
98%
Stella
98%
Layla
97%
Tecna
96%
Famille de Bloom Daphne
84%
Nymphes Daphne
84%
Sky
82%
Spécialistes Brandon
81%
Icy
81%
Trix Darcy
80%
Stormy
80%
Riven
79%
Faragonda
77%
Timmy
77%
Nabu
76%
Hélia
75%
Marion
64%
Roxy
64%
Valtor
64%
Oritel
59%
Kiko
58%
Ogron
57%
Mini-Fées (Pixies) Amore
55%
Piif
55%
Lockette
54%
Mike
53%
Vanessa
53%
Griffin
51%
Griselda
51%
Luna
51%
Chatta
50%
Lord Darkar
50%
| Reines des fées (ancienne, actuelle et future) Morgana
50%
Tritannus
50%
Miele
48%
Saladin
48%
Digit
46%
Sorcière devenue Fée Mirta
46%
Palladium
46%
Chimera
45%
Famille de Stella Cassandra
44%
Radius
44%
Sorciers du Cercle Noir Anagan
43%
Lucy
43%
Sélina
42%
Gantlos
41%
Diaspro
40%
Princesse de Mélodie Galatea
40%
Duman
39%
Tune
39%
Nebula
38%
Princesse de Limphéa Krystal
37%
Nex
37%
Roy
37%
Fée Amazonienne Diana
34%
Wizgiz
34%
Professeurs et personnels des écoles Avalon
31%
Producteur de musique Jason
31%
Membres du groupe du Frutti Music Bar Andy
30%
Nereus
29%
Autres enemis Acheron
28%
Fée Arctique Aurora
28%
Famille de Roxy Klaus
28%
Famille de Sky Erendor
27%
Tressa
27%
Fées qui séjournent dans la chambre des Winx Alice
26%
Princesse de Callisto Varanda
26%
Chérie
25%
Animaux Artù
24%
Brafilius
24%
Famille de Layla Ligea
23%
Niobé
23%
Kalshara
22%
Neptune
22%
Politea
22%
Thoren
22%
Zarathustra
22%
Animaux féériques des Winx Amarok
21%
Créatures Magiques des Winx Belle
21%
Caramel
21%
Coco
21%
Pepe
21%
Séréna
21%
Fée Rustique Sibylla
21%
Fée Ethérée | Première fée à avoir existé Arcadia
20%
Chicko
20%
Clarisse
20%
Famille de Musa Ho-Boé
20%
Térédor
20%
Ediltrude
19%
Jédo
19%
Autre créature magique Knut
19%
Mitzi
19%
Concorda
18%
Famille de Tecna Electronio
18%
Ginger
18%
Jolly
18%
Lemmy
18%
Livy
18%
Milly
18%
Famille de Flora Alyssa
17%
Zing
17%
Elliot
16%
Kitty
16%
Rhodos
16%
Athéna
15%
Barbatea
15%
Magnétia
15%
Sunny
15%
Matlin
14%
Peg
14%
Voltigeur
14%
Fée des étoiles Amaryl
13%
Discorda
13%
Illiris
13%
Mandragore
13%
Mark
12%
Rio
12%
Sonna
12%
Sorcières Ancestrales Belladone
11%
Glim
11%
Néro
11%
Ron ron
11%
Tharma
11%
Du Four
10%
Omnia
10%
Reine de Limphéa Rachel
10%
Roi de Zénith Cryos
9%
Selkies Desiryee
9%
Lithia
9%
Ninféa
9%
Ophelia
8%
Phylla
8%
Codaderta
7%
Heidi
7%
Lee-hona
7%
Salmara
7%
Fée devenue Sorcière Jade
6%
Jenny
6%
Farcelia
5%
Lysliss
5%
Marzia
5%
Nessa
5%
Ress
5%
Buddy
4%
Candidates à Miss Magix Bera
2%
Championnes d'Alféa Chevronne
2%
Trista
2%
Aucun quiz correspondant
Distribution des résultats
% des personnes avec chaque résultat
Percentile par nombre de réponses
Votre historique - résultats
Vous n’avez pas pris ce quiz depuis la dernière actualisation